Countries with a US military presence - Statistics

General Stats
  • This quiz has been taken 112 times
    78 since last reset
  • The average score is 16 of 27
Answer Stats
Country % Correct
United Kingdom
96%
Japan
91%
Germany
88%
South Korea
87%
Australia
85%
Italy
81%
Spain
78%
Turkey
72%
Belgium
67%
Greece
67%
Iceland
67%
Denmark
64%
United Arab Emirates
63%
Netherlands
61%
Qatar
60%
Portugal
57%
Bahrain
54%
Cuba
54%
Romania
54%
Egypt
52%
Oman
51%
Djibouti
33%
Bahamas
30%
Honduras
22%
Kenya
21%
El Salvador
16%
Peru
16%
No matching quizzes found
Score Distribution
Percent of People with Each Score
Percentile by Number Answered
Your Score History
You have not taken this quiz since the last reset